000 00898nam a2200253 a 4500
005 20200104041522.0
008 140303s1997 fr abo fr|||| 000 0 eng d
040 _aCO-BoIAVH
_cCO-BoIAVH
041 0 _aeng
044 _afr
082 0 4 _a599.676
_bF67p
110 2 _bFondation Ligue Francaise des Droits de I' animal
245 1 0 _aPourles elephants /
_cFondation Ligue Francaise des Droits de I' animal
260 _aParís :
_bFondation Ligue Francaise des Droits de I' animal,
_c1997.
300 _a74 páginas :
_bIlustraciones, mapas, fotografías ;
_c30 x 21 cm.
650 6 _aElefantes
650 6 _aLoxodonta africana
650 6 _aCITES
650 6 _aConservación de biodiversidad
650 6 _aPolítica
710 2 _aFundation 30 Millions d'Amis
710 2 _aRassemblement des Opposants a la Chasse
942 _cLIBRO
_2ddc
999 _c1597
_d1597